| 000 | 00332nam a2200133Ia 4500 | ||
|---|---|---|---|
| 008 | 230312s9999||||xx |||||||||||||| ||und|| | ||
| 082 |
_a618 _bDAS-R |
||
| 100 | _aDasdupta;S | ||
| 245 | 0 | _aRecent advances in obstetrics and gynecology | |
| 260 |
_bDasgupta _aUK _c2005 |
||
| 300 | _a135 | ||
| 650 |
_aMedical _vGynaecology |
||
| 942 | _cBK | ||
| 999 |
_c2655 _d2655 |
||